Normal view
MARC view
- Politicians
Entry Topical Term
001 - CONTROL NUMBER
- control field: 98740
003 - CONTROL NUMBER IDENTIFIER
- control field: NUST
005 - DATE AND TIME OF LATEST TRANSACTION
- control field: 20220831124137.0
008 - FIXED-LENGTH DATA ELEMENTS
- fixed length control field: 220831|| aca||aabn | a|a d
040 ## - CATALOGING SOURCE
- Original cataloging agency: NUST
- Transcribing agency: NUST
150 ## - HEADING--TOPICAL TERM
- Topical term or geographic name entry element: Politicians
- Form subdivision: Fiction
670 ## - SOURCE DATA FOUND
- Source citation: Work cat.: (NUST)234713: Archer, Jeffrey, 1940- 11436, Sons of fortune /, 2003.
